[Event "Krasnoyarsk Regional-ch"]
[Site "Krasnoyarsk"]
[Date "2017.10.05"]
[Round "6"]
[White "Molokanov, Alexander"]
[Black "Shubko, Sergey"]
[Result "1-0"]
[WhiteElo "1956"]
[BlackElo "1580"]
[PlyCount "53"]
[EventDate "2017.09.30"]
[EventType "swiss"]
[EventRounds "9"]
[EventCountry "RUS"]
[SourceTitle "CBM 181 Extra"]
[Source "ChessBase"]
[SourceDate "2017.12.12"]
[SourceVersion "1"]
[SourceVersionDate "2017.12.12"]
[SourceQuality "1"]

1. d4 d5 2. c4 e6 3. cxd5 exd5 4. Nc3 Nf6 5. Bg5 c6 6. Qc2 Be7 7. e3 Ne4 8. Bxe7 Qxe7 9. Nxd5 cxd5 10. Qxc8+ Qd8 11. Bb5+ Nc6 12. Bxc6+ bxc6 13. Qxc6+ Ke7 14. Qb7+ Kf6 15. Qa6+ Ke7 16. Qa3+ Kf6 17. Nf3 g5 18. 0-0 g4 19. Ne5 h5 20. f3 Nd6 21. fxg4+ Ke6 22. g5 f5 23. gxf6 Rg8 24. Rac1 Rc8 25. e4 Nxe4 26. Rxc8 Rxg2+ 27. Kxg2 1-0

[Event "Krasnoyarsk Region-ch"]
[Site "Krasnoyarsk"]
[Date "2016.10.02"]
[Round "4"]
[White "Koshaev, Valerij"]
[Black "Molokanov, Alexander"]
[Result "1-0"]
[WhiteElo "2094"]
[BlackElo "1964"]
[PlyCount "59"]
[EventDate "2016.09.29"]
[EventType "swiss"]
[EventRounds "11"]
[EventCountry "RUS"]
[SourceTitle "EXT 2018"]
[Source "ChessBase"]
[SourceDate "2017.10.13"]
[SourceVersion "1"]
[SourceVersionDate "2017.10.13"]
[SourceQuality "1"]

1. Nf3 e6 2. d4 Nf6 3. Bf4 c5 4. e3 cxd4 5. exd4 Qb6 6. Nc3 Bd6 7. Bxd6 Qxd6 8. Qd2 a6 9. Bd3 Nc6 10. Ne4 Qe7 11. Qf4 Nxe4 12. Qxe4 Qb4+ 13. Ke2 Qxb2 14. a4 Qb4 15. Rhb1 Qa5 16. Kf1 b6 17. c4 Bb7 18. d5 Nb4 19. Be2 0-0 20. Rb2 Qc5 21. Ne5 exd5 22. cxd5 Qxd5 23. Qxd5 Nxd5 24. Nxd7 Rfd8 25. Nxb6 Nxb6 26. Rxb6 Bc8 27. a5 Kf8 28. Rc1 Ke7 29. f4 Rd2 30. Bf3 1-0

[Event "Krasnoyarsk Region-ch"]
[Site "Krasnoyarsk"]
[Date "2016.09.30"]
[Round "2"]
[White "Muzafarov, Kamil"]
[Black "Molokanov, Alexander"]
[Result "1-0"]
[WhiteElo "2082"]
[BlackElo "1964"]
[PlyCount "69"]
[EventDate "2016.09.29"]
[EventType "swiss"]
[EventRounds "11"]
[EventCountry "RUS"]
[SourceTitle "EXT 2018"]
[Source "ChessBase"]
[SourceDate "2017.10.13"]
[SourceVersion "1"]
[SourceVersionDate "2017.10.13"]
[SourceQuality "1"]

1. d4 d5 2. c4 e6 3. Nc3 f5 4. Nf3 c6 5. Bg5 Nf6 6. e3 Nbd7 7. Bd3 h6 8. Bh4 g5 9. Bg3 Ne4 10. Bxe4 fxe4 11. Ne5 Nf6 12. Ng6 Rg8 13. Nxf8 Rxf8 14. c5 b6 15. 0-0 Ba6 16. Re1 Bd3 17. b4 b5 18. a4 a6 19. Be5 Kf7 20. f4 Rg8 21. Ra2 g4 22. Qa1 Bc4 23. Ra3 Nh5 24. axb5 axb5 25. Ra7+ Kg6 26. Qa6 g3 27. h3 Ng7 28. Rxg7+ Rxg7 29. Qxc6 Re7 30. f5+ Kxf5 31. Bxg3 Rg7 32. Qd6 Qg8 33. Ne2 Ra2 34. Nf4 Rxg2+ 35. Nxg2 1-0

[Event "Krasnoyarsk-ch"]
[Site "Krasnoyarsk"]
[Date "2016.03.16"]
[Round "3"]
[White "Molokanov, Alexander"]
[Black "Lebedev, Alexander"]
[Result "0-1"]
[WhiteElo "1964"]
[BlackElo "2184"]
[PlyCount "74"]
[EventDate "2016.02.01"]
[EventType "swiss"]
[EventRounds "9"]
[EventCountry "RUS"]
[SourceTitle "CBM 171 Extra"]
[Source "ChessBase"]
[SourceDate "2016.04.26"]
[SourceVersion "1"]
[SourceVersionDate "2016.04.26"]
[SourceQuality "1"]

1. d4 Nf6 2. c4 g6 3. Nc3 d5 4. Bd2 dxc4 5. e3 Be6 6. Nf3 c6 7. a4 Bg7 8. Ne5 c5 9. dxc5 Nfd7 10. Nxc4 Nxc5 11. Qf3 Nc6 12. Na3 0-0 13. Rd1 Bb3 14. Rc1 Ne5 15. Qg3 Ned3+ 16. Bxd3 Nxd3+ 17. Ke2 Nxc1+ 18. Rxc1 Qd7 19. Nab1 Bc4+ 20. Kd1 Rfd8 21. e4 Bh6 22. f4 Qd4 23. Qf3 Rac8 24. g3 e5 25. Nd5 Qg1+ 26. Be1 exf4 27. gxf4 Qxh2 28. Nd2 Bxd5 29. Rxc8 Rxc8 30. exd5 Qxf4 31. Qh3 Qxa4+ 32. Ke2 Re8+ 33. Kd3 Bxd2 34. Bxd2 Qb3+ 35. Bc3 Qxd5+ 36. Kc2 Qe4+ 37. Kc1 Qe3+ 0-1

[Event "Krasnoyarsk-ch"]
[Site "Krasnoyarsk"]
[Date "2015.02.07"]
[Round "10"]
[White "Molokanov, Alexander"]
[Black "Bakhtiguzin, Andrey"]
[Result "1-0"]
[WhiteElo "2012"]
[BlackElo "2029"]
[PlyCount "115"]
[EventDate "2015.01.29"]
[EventType "tourn"]
[EventRounds "11"]
[EventCountry "RUS"]
[SourceTitle "CBM 164 Extra"]
[Source "ChessBase"]
[SourceDate "2015.03.02"]
[SourceVersion "1"]
[SourceVersionDate "2015.03.02"]
[SourceQuality "1"]

1. d4 d6 2. e4 Nf6 3. f3 g6 4. c4 Bg7 5. Nc3 0-0 6. Be3 e5 7. d5 Ne8 8. Qd2 f5 9. exf5 gxf5 10. 0-0-0 Nf6 11. Bd3 Na6 12. Nge2 Nc5 13. Bc2 Bd7 14. Bg5 Qe8 15. Rhe1 Qf7 16. Kb1 a5 17. h3 f4 18. Bxf6 Qxf6 19. Ne4 Nxe4 20. Bxe4 Bf5 21. Nc3 Qg6 22. Rc1 Bf6 23. Bxf5 Qxf5+ 24. Ne4 Bh4 25. Re2 b6 26. Qc2 Qd7 27. Nc3 Kh8 28. Qe4 Qf5 29. Qxf5 Rxf5 30. Kc2 Rg8 31. Ne4 Rf7 32. Kd1 Rfg7 33. Rcc2 Rg6 34. b3 Kg7 35. a3 Kf7 36. b4 axb4 37. axb4 Be7 38. Ra2 Ke8 39. Ke1 Kd7 40. Kf1 Rb8 41. Rec2 Rgg8 42. Ra7 h5 43. Nc3 h4 44. Nb5 Rgc8 45. Ke2 Kd8 46. Raa2 Kd7 47. Kd3 Ra8 48. Na7 Rg8 49. Ke4 Rg5 50. Nc6 Rag8 51. c5 bxc5 52. b5 Ke8 53. Rcb2 R5g7 54. Ra8+ Kf7 55. Ra7 Kf6 56. Rxc7 Bd8 57. Rxg7 Kxg7 58. b6 1-0

[Event "Krasnoyarsk-ch"]
[Site "Krasnoyarsk"]
[Date "2015.02.03"]
[Round "6"]
[White "Lapin, Petr"]
[Black "Molokanov, Alexander"]
[Result "1-0"]
[WhiteElo "2005"]
[BlackElo "2012"]
[PlyCount "73"]
[EventDate "2015.01.29"]
[EventType "tourn"]
[EventRounds "11"]
[EventCountry "RUS"]
[SourceTitle "CBM 164 Extra"]
[Source "ChessBase"]
[SourceDate "2015.03.02"]
[SourceVersion "1"]
[SourceVersionDate "2015.03.02"]
[SourceQuality "1"]

1. e4 Nf6 2. e5 Nd5 3. d4 d6 4. exd6 Qxd6 5. c4 Nf6 6. Nc3 c6 7. Nf3 Bg4 8. Be2 e6 9. Be3 Be7 10. 0-0 0-0 11. Qb3 Qb4 12. Rfd1 Qxb3 13. axb3 Rd8 14. h3 Bf5 15. Bd3 Bxd3 16. Rxd3 Na6 17. Ne5 Kf8 18. Nxc6 bxc6 19. Rxa6 Nd7 20. Rd1 Nb8 21. Ra2 Rd7 22. Rda1 a6 23. c5 Bf6 24. Ra4 Raa7 25. Ne4 Be7 26. Bf4 Rab7 27. R1a3 f5 28. Nd6 Bxd6 29. Bxd6+ Kf7 30. Bxb8 Rxb8 31. Rxa6 Rxd4 32. Rxc6 Rd1+ 33. Kh2 Rd2 34. Rc7+ Kf6 35. Raa7 Rxb3 36. f4 g6 37. Rf7# 1-0

[Event "Krasnoyarsk-ch"]
[Site "Krasnoyarsk"]
[Date "2014.02.08"]
[Round "10"]
[White "Piskunova, Maria"]
[Black "Molokanov, Alexander"]
[Result "1-0"]
[WhiteElo "1875"]
[BlackElo "2060"]
[PlyCount "85"]
[EventDate "2014.01.30"]
[EventType "tourn"]
[EventRounds "11"]
[EventCountry "RUS"]
[SourceTitle "EXT 2016"]
[Source "ChessBase"]
[SourceDate "2015.10.08"]
[SourceVersion "1"]
[SourceVersionDate "2015.10.08"]
[SourceQuality "1"]

1. e4 e6 2. d4 d5 3. exd5 exd5 4. Bd3 Bd6 5. h3 Ne7 6. Nf3 Bf5 7. 0-0 0-0 8. Nc3 c6 9. a3 Nd7 10. Bxf5 Nxf5 11. Qd3 Nh4 12. Ne2 Qf6 13. Nxh4 Qxh4 14. Be3 f5 15. f3 f4 16. Bf2 Qg5 17. Qd2 Rf6 18. g4 Rf7 19. Rae1 Nb6 20. Nc1 Nc4 21. Qc3 Raf8 22. Re6 Rf6 23. Rfe1 Qg6 24. Rxf6 Qxf6 25. Nd3 h5 26. Ne5 Nb6 27. Kg2 Rc8 28. Qa5 Bb8 29. b3 hxg4 30. hxg4 c5 31. dxc5 Bxe5 32. cxb6 Bc3 33. Qxd5+ Qf7 34. Qxf7+ Kxf7 35. Re4 axb6 36. Rxf4+ Kg6 37. Re4 b5 38. f4 Bb2 39. c4 Bxa3 40. f5+ Kf7 41. cxb5 Bc5 42. Rc4 Rc7 43. Rxc5 1-0

[Event "Krasnoyarsk-ch"]
[Site "Krasnoyarsk"]
[Date "2014.02.01"]
[Round "3"]
[White "Levshenkov, Andrey"]
[Black "Molokanov, Alexander"]
[Result "0-1"]
[WhiteElo "1977"]
[BlackElo "2060"]
[PlyCount "32"]
[EventDate "2014.01.30"]
[EventType "tourn"]
[EventRounds "11"]
[EventCountry "RUS"]
[SourceTitle "EXT 2016"]
[Source "ChessBase"]
[SourceDate "2015.10.08"]
[SourceVersion "1"]
[SourceVersionDate "2015.10.08"]
[SourceQuality "1"]

1. e4 e6 2. d4 d5 3. Nc3 Nf6 4. Bg5 Be7 5. e5 Nfd7 6. Bxe7 Qxe7 7. f4 a6 8. Nf3 c5 9. Be2 Nc6 10. a3 cxd4 11. Nxd4 0-0 12. b4 Ndxe5 13. fxe5 Qh4+ 14. g3 Qxd4 15. Qxd4 Nxd4 16. Kd2 Nc6 0-1

[Event "Krasnoyarsk City-ch"]
[Site "Krasnoyarsk"]
[Date "2013.10.07"]
[Round "5"]
[White "Molokanov, Alexander"]
[Black "Izbranov, Alexander"]
[Result "0-1"]
[WhiteElo "2024"]
[BlackElo "2093"]
[PlyCount "58"]
[EventDate "2013.10.03"]
[EventType "swiss"]
[EventRounds "11"]
[EventCountry "RUS"]
[SourceTitle "EXT 2014"]
[Source "ChessBase"]
[SourceDate "2013.11.20"]
[SourceVersion "1"]
[SourceVersionDate "2013.11.20"]
[SourceQuality "1"]

1. d4 f5 2. Bg5 Nf6 3. Bxf6 exf6 4. c4 Bb4+ 5. Nd2 0-0 6. a3 Bxd2+ 7. Qxd2 d5 8. e3 Be6 9. b3 c6 10. Bd3 Na6 11. Ne2 Nc7 12. 0-0 g6 13. Qc2 Qd7 14. Nf4 Bf7 15. Rac1 Qd6 16. c5 Qe7 17. b4 a6 18. a4 Be8 19. Kh1 Bd7 20. Rg1 Ne6 21. Nxe6 Qxe6 22. g4 fxg4 23. Bxg6 f5 24. Bxh7+ Kxh7 25. Rxg4 Qh6 26. Rf4 Rg8 27. f3 Rg5 28. Qf2 Rag8 29. Rf1 R8g6 0-1

[Event "Krasnoyarsk City-ch"]
[Site "Krasnoyarsk"]
[Date "2013.10.06"]
[Round "4"]
[White "Anikonov, Dmitry"]
[Black "Molokanov, Alexander"]
[Result "1-0"]
[WhiteElo "2143"]
[BlackElo "2024"]
[PlyCount "81"]
[EventDate "2013.10.03"]
[EventType "swiss"]
[EventRounds "11"]
[EventCountry "RUS"]
[SourceTitle "EXT 2014"]
[Source "ChessBase"]
[SourceDate "2013.11.20"]
[SourceVersion "1"]
[SourceVersionDate "2013.11.20"]
[SourceQuality "1"]

1. d4 d5 2. c4 e6 3. Nc3 Be7 4. Nf3 Nf6 5. Bg5 0-0 6. e3 c6 7. cxd5 exd5 8. Bd3 Nbd7 9. Qc2 Re8 10. 0-0 Nf8 11. Rae1 Ne4 12. Bxe7 Qxe7 13. Bxe4 dxe4 14. Nd2 b6 15. Qa4 b5 16. Qa5 f5 17. a4 b4 18. Na2 Rb8 19. f3 Be6 20. Nc1 Bd5 21. fxe4 fxe4 22. Ne2 Ne6 23. Nf4 Nxf4 24. Rxf4 b3 25. Nb1 Qb4 26. Qxb4 Rxb4 27. Nc3 Rc4 28. Rb1 Rf8 29. Rxf8+ Kxf8 30. Kf2 g5 31. Ke2 a5 32. Kd2 Ke7 33. Rc1 Rb4 34. Rf1 Rb8 35. Rf5 Rf8 36. Nxd5+ cxd5 37. Rxf8 Kxf8 38. Kc3 Ke7 39. Kxb3 Kd6 40. Ka3 Kc6 41. b4 1-0

[Event "Krasnoyarsk City-ch"]
[Site "Krasnoyarsk"]
[Date "2013.10.03"]
[Round "1"]
[White "Molokanov, Alexander"]
[Black "Volkov, Sergey Anat"]
[Result "1-0"]
[WhiteElo "2024"]
[BlackElo "2143"]
[PlyCount "112"]
[EventDate "2013.10.03"]
[EventType "swiss"]
[EventRounds "11"]
[EventCountry "RUS"]
[SourceTitle "EXT 2014"]
[Source "ChessBase"]
[SourceDate "2013.11.20"]
[SourceVersion "1"]
[SourceVersionDate "2013.11.20"]
[SourceQuality "1"]

1. d4 d5 2. c4 c6 3. cxd5 cxd5 4. Nc3 Nc6 5. Bf4 a6 6. e3 e6 7. Bd3 b5 8. Nf3 Bd6 9. Bxd6 Qxd6 10. 0-0 Nf6 11. Re1 Bb7 12. e4 dxe4 13. Bxe4 Rd8 14. d5 Nb4 15. dxe6 Bxe4 16. exf7+ Kxf7 17. Ng5+ Kg6 18. Qxd6 Rxd6 19. Ngxe4 Rd4 20. Nxf6 Kxf6 21. Rad1 Rhd8 22. Rxd4 Rxd4 23. f3 Nd3 24. Re2 b4 25. Ne4+ Kf5 26. Ng3+ Kf6 27. b3 g6 28. Rc2 Ne5 29. Kf2 Rd1 30. Ke2 Rg1 31. Ke3 h5 32. Ne4+ Kf5 33. g3 Re1+ 34. Re2 Nxf3 35. Rxe1 Nxe1 36. Nc5 a5 37. h3 Ke5 38. Nb7 Kd5 39. Nxa5 g5 40. Nc4 h4 41. gxh4 gxh4 42. Ke2 Ng2 43. Kf3 Ne1+ 44. Ke2 Ng2 45. Kf3 Ne1+ 46. Kg4 Ng2 47. a4 bxa3 48. Nxa3 Kd4 49. b4 Kd5 50. Kg5 Ke4 51. Nc2 Kf3 52. b5 Kg3 53. b6 Nf4 54. b7 Ne6+ 55. Kf6 Kxh3 56. b8Q Ng5 1-0

[Event "Krasnoyarsk-ch"]
[Site "Krasnoyarsk"]
[Date "2013.02.11"]
[Round "11"]
[White "Molokanov, Alexander"]
[Black "Sholokhov, Anatoly"]
[Result "1-0"]
[WhiteElo "2013"]
[BlackElo "2014"]
[PlyCount "65"]
[EventDate "2013.02.01"]
[EventType "tourn"]
[EventRounds "11"]
[EventCountry "RUS"]
[SourceTitle "CBM 153 Extra"]
[Source "ChessBase"]
[SourceDate "2013.04.22"]
[SourceVersion "1"]
[SourceVersionDate "2013.04.22"]
[SourceQuality "1"]

1. d4 Nf6 2. f3 d5 3. c4 g6 4. cxd5 Nxd5 5. e4 Nb6 6. Be3 Bg7 7. Nc3 c6 8. Qd2 Be6 9. 0-0-0 Nc4 10. Bxc4 Bxc4 11. Nge2 Qa5 12. Kb1 Na6 13. d5 b5 14. Bd4 Bxd4 15. Qxd4 0-0 16. Nc1 c5 17. Qd2 b4 18. N3e2 Rfc8 19. h4 Bxe2 20. Qxe2 c4 21. d6 exd6 22. Rd5 Qb6 23. h5 c3 24. hxg6 hxg6 25. e5 Re8 26. Qe1 dxe5 27. Qh4 Kg7 28. Qh6+ Kf6 29. f4 e4 30. Qg5+ Kg7 31. f5 Rg8 32. f6+ Kf8 33. Re5 1-0

[Event "Krasnoyarsk-ch"]
[Site "Krasnoyarsk"]
[Date "2013.02.06"]
[Round "6"]
[White "Molokanov, Alexander"]
[Black "Resmyatova, Antonina"]
[Result "1-0"]
[WhiteElo "2013"]
[BlackElo "1802"]
[PlyCount "97"]
[EventDate "2013.02.01"]
[EventType "tourn"]
[EventRounds "11"]
[EventCountry "RUS"]
[SourceTitle "CBM 153 Extra"]
[Source "ChessBase"]
[SourceDate "2013.04.22"]
[SourceVersion "1"]
[SourceVersionDate "2013.04.22"]
[SourceQuality "1"]

1. d4 d6 2. Bg5 Bf5 3. Nc3 d5 4. Nf3 g6 5. h3 Bg7 6. g4 Be4 7. e3 c5 8. Bb5+ Nc6 9. Rg1 a6 10. Bxc6+ bxc6 11. dxc5 Qa5 12. Nd4 Qxc5 13. f3 h6 14. Bh4 e5 15. Nxe4 dxe4 16. Nb3 Qxe3+ 17. Kf1 exf3 18. Bf2 Qf4 19. Qd3 Ne7 20. Re1 0-0 21. Bg3 Qg5 22. Qxf3 Nd5 23. Qf2 Qe7 24. c3 e4 25. Qc5 Qf6+ 26. Kg2 Qf3+ 27. Kh2 e3 28. c4 Nf4 29. Rxe3 Ne6 30. Rxf3 Nxc5 31. Nxc5 Bd4 32. Bf2 Bxb2 33. Rf1 Rad8 34. Be3 Bg7 35. Nxa6 Ra8 36. Nb4 Ra5 37. Nxc6 Rxa2+ 38. R1f2 Rxf2+ 39. Rxf2 Re8 40. Bf4 Bf8 41. Rc2 Re4 42. Kg3 g5 43. Be5 Bc5 44. Kg2 Kh7 45. Bg3 Re6 46. Ne5 f6 47. Nd7 Ba7 48. c5 Rc6 49. Ra2 1-0